[Event "XXXI Memorial Edoardo Crespi B"]
[Site "Milano ITA"]
[Date "2010.12.07"]
[Round "5"]
[White "Moroni, Luca jr"]
[Black "Attuati, Stefano"]
[Result "0-1"]
[WhiteElo "1744"]
[BlackElo "1987"]
[PlyCount "66"]
[EventDate "2010.12.04"]

1. e4 e6 2. d4 d5 3. exd5 exd5 4. Bd3 c5 5. dxc5 Bxc5 6. Nf3 Nf6 7. O-O O-O 8.
Bf4 Qb6 9. b3 Ne4 10. Bg3 Bg4 11. Be2 Bxf3 12. Bxf3 Bd4 13. c3 Nxc3 14. Nxc3
Bxc3 15. Rc1 d4 16. Bxb8 Raxb8 17. Qd3 Rbc8 18. Rc2 Rfd8 19. Rd1 g6 20. Re2 Rc7
21. g3 Bb4 22. Rc2 Bc3 23. Re2 Qf6 24. Kg2 Rc5 25. Bxb7 Ba5 26. Rc2 Rc3 27.
Rxc3 dxc3 28. Qf3 c2 29. Rc1 Qb2 30. Qf4 Bd2 31. Qc7 Bxc1 32. Qxd8+ Kg7 33. Be4
Bg5 0-1

[Event "XXXI Memorial Edoardo Crespi B"]
[Site "Milano ITA"]
[Date "2010.12.07"]
[Round "5"]
[White "Nepi, Ezio"]
[Black "Mansueti, Marco"]
[Result "1/2-1/2"]
[WhiteElo "1904"]
[BlackElo "1873"]
[PlyCount "71"]
[EventDate "2010.12.04"]

1. d4 d5 2. c4 e6 3. cxd5 exd5 4. Nc3 Nf6 5. Bg5 Be7 6. e3 O-O 7. Qc2 c6 8. Bd3
h6 9. Bh4 Nbd7 10. Nf3 Re8 11. O-O Ne4 12. Bxe4 Bxh4 13. Bh7+ Kh8 14. Bd3 Be7
15. Rab1 b6 16. b4 Bb7 17. Rfc1 Bd6 18. a4 a6 19. a5 b5 20. Ne2 Qe7 21. Qd2 Nf6
22. Ng3 Bxg3 23. hxg3 Qe6 24. Rb3 Ng4 25. Rbc3 Rac8 26. Bb1 g6 27. Qe2 Kg7 28.
Nd2 Nf6 29. Nb3 Nd7 30. Nc5 Nxc5 31. Rxc5 f5 32. R1c3 Re7 33. Qc2 Qd7 34. g4
Rf7 35. gxf5 Rxf5 36. Qe2 1/2-1/2

[Event "XXXI Memorial Edoardo Crespi B"]
[Site "Milano ITA"]
[Date "2010.12.07"]
[Round "5"]
[White "Orsi, Matteo"]
[Black "Olivieri, Alessandro"]
[Result "1-0"]
[WhiteElo "1954"]
[BlackElo "1937"]
[PlyCount "93"]
[EventDate "2010.12.04"]

1. d4 Nf6 2. Nf3 d6 3. c4 g6 4. Nc3 Bg7 5. e4 O-O 6. h3 e5 7. d5 a5 8. g4 Na6
9. Be3 Nd7 10. g5 Ndc5 11. h4 f5 12. Nd2 fxe4 13. Ndxe4 Bf5 14. Bxc5 Nxc5 15.
f3 Bxe4 16. Nxe4 Nxe4 17. fxe4 Rf4 18. Qe2 h6 19. Bh3 hxg5 20. Be6+ Kf8 21. h5
Qf6 22. hxg6 Qxg6 23. Bf5 Qf6 24. O-O-O Ke7 25. Rh7 Rh8 26. Qh2 Rh4 27. Rxh8
Rxh8 28. Qc2 b6 29. Qa4 Qf7 30. Qc6 Kf8 31. Qa8+ Qe8 32. Qb7 Qd8 33. Be6 Bf6
34. Rf1 Rh4 35. Bf5 Kg7 36. Qc6 Qe7 37. Qa4 Qd8 38. Qc6 Qe7 39. Kc2 Rh2+ 40.
Kb3 Qd8 41. a3 Kh6 42. Ka2 Qe7 43. Qa4 Kg7 44. Qb3 Qf7 45. Qa4 Kh6 46. Qc6 Qg7
47. Qd7 1-0

[Event "XXXI Memorial Edoardo Crespi B"]
[Site "Milano ITA"]
[Date "2010.12.07"]
[Round "5"]
[White "Oteri, Aldo"]
[Black "Biava, Pierluigi"]
[Result "1-0"]
[WhiteElo "1833"]
[BlackElo "1743"]
[PlyCount "51"]
[EventDate "2010.12.04"]

1. e4 c5 2. Nf3 a6 3. c3 Nf6 4. e5 Nd5 5. d4 e6 6. c4 Nb4 7. d5 a5 8. a3 N4a6
9. d6 h6 10. Bd3 Nc6 11. Be4 b6 12. Nc3 Bb7 13. Nb5 g6 14. b3 Bg7 15. Bb2 Rb8
16. Bc2 Ra8 17. Qd3 Rb8 18. O-O-O Ra8 19. h4 Na7 20. Rh3 Qc8 21. Nxa7 Rxa7 22.
Qe3 Nb8 23. Rg3 h5 24. Rxg6 Bxf3 25. gxf3 Kf8 26. Rxg7 1-0

[Event "XXXI Memorial Edoardo Crespi B"]
[Site "Milano ITA"]
[Date "2010.12.07"]
[Round "5"]
[White "Paganini, Andrea"]
[Black "Merlotti, Marco"]
[Result "1-0"]
[WhiteElo "1840"]
[BlackElo "1797"]
[PlyCount "68"]
[EventDate "2010.12.04"]

1. e4 c5 2. Nf3 e6 3. d4 cxd4 4. Nxd4 Nf6 5. Nc3 d6 6. h3 a6 7. g4 h6 8. Bg2 g5
9. Be3 Nbd7 10. a4 Ne5 11. Qe2 Qc7 12. Rd1 Bd7 13. f4 gxf4 14. Bxf4 Nc4 15. Bc1
Rc8 16. O-O Be7 17. Rf2 Qc5 18. Nb3 Qb6 19. Kh1 Ne5 20. Be3 Qd8 21. Rdf1 Bc6
22. Nd4 Nfd7 23. Nxc6 Rxc6 24. Qd1 Bg5 25. Bd4 Ke7 26. Na2 Qg8 27. Nb4 Rc5 28.
c3 f6 29. Nd3 Qh7 30. Nxe5 dxe5 31. Qb3 Rc6 32. Qxb7 Rcc8 33. b4 h5 34. Bc5+
Ke8 1-0

[Event "XXXI Memorial Edoardo Crespi B"]
[Site "Milano ITA"]
[Date "2010.12.07"]
[Round "5"]
[White "Palmieri, Giovanni"]
[Black "Acunzo, Domenico"]
[Result "1/2-1/2"]
[WhiteElo "1806"]
[BlackElo "1790"]
[PlyCount "136"]
[EventDate "2010.12.04"]

1. d4 e6 2. c4 f5 3. Nf3 Nf6 4. g3 d5 5. Bg2 Bd6 6. O-O c6 7. b3 Qe7 8. Bb2 O-O
9. Nbd2 Nbd7 10. Ne5 Bxe5 11. dxe5 Ng4 12. Nf3 b6 13. h3 Nh6 14. Qc2 Bb7 15.
Nh2 f4 16. g4 Nf7 17. Nf3 Ng5 18. a4 Nxf3+ 19. Bxf3 Qh4 20. Kh2 Rf7 21. b4 Nf8
22. c5 Ng6 23. cxb6 axb6 24. Bd4 Qd8 25. Ra3 Rc8 26. Rc3 Qc7 27. a5 bxa5 28.
bxa5 Qxa5 29. Rc5 Qd8 30. Ra1 Ra8 31. Rb1 Ra5 32. Rxc6 Bxc6 33. Bb6 Ba4 34. Qc3
Qb8 35. Qxa5 Rb7 36. Qxa4 Rxb6 37. Rxb6 Qxb6 38. Qe8+ Nf8 39. Kg2 Qc7 40. Qh5
Ng6 41. Kf1 Qxe5 42. Qxe5 Nxe5 43. Bg2 Kf7 44. Ke1 Kf6 45. Kd2 Kg5 46. Kc3 Nc6
47. Kd3 h5 48. gxh5 Kxh5 49. Bf3+ Kg5 50. Kd2 Kf5 51. Bh5 g6 52. Bf3 g5 53. Bh5
Ke5 54. Bg4 Kf6 55. Bh5 e5 56. Be8 Ne7 57. Bh5 e4 58. e3 Ke5 59. exf4+ gxf4 60.
Bf7 Nf5 61. Ke1 Nh4 62. Be8 Nf3+ 63. Kd1 e3 64. fxe3 fxe3 65. Bb5 Kf4 66. Ke2
Ne5 67. h4 Kg4 68. h5 Kxh5 1/2-1/2

[Event "XXXI Memorial Edoardo Crespi B"]
[Site "Milano ITA"]
[Date "2010.12.07"]
[Round "5"]
[White "Pasquotto, Mirko"]
[Black "Dogic, Mirhad"]
[Result "1-0"]
[WhiteElo "1926"]
[BlackElo "1800"]
[PlyCount "69"]
[EventDate "2010.12.04"]

1. d4 d5 2. c4 c6 3. Nf3 e6 4. Nc3 f5 5. g3 Nf6 6. Bg2 Be7 7. O-O O-O 8. Ne5
Nbd7 9. Bf4 Nh5 10. e3 Nhf6 11. cxd5 cxd5 12. Rc1 Nxe5 13. Bxe5 Ng4 14. Nb5
Nxe5 15. dxe5 Bd7 16. Nd4 Qb6 17. Qe2 Bc5 18. Rfd1 Rac8 19. Qd2 Ba4 20. b3 Bd7
21. Qb2 a5 22. Bf1 a4 23. b4 Bxb4 24. Rb1 Qc7 25. Qxb4 Qxe5 26. Qxb7 Rc7 27.
Qb6 Rcc8 28. Qa7 Rf7 29. Rb7 Rd8 30. Nc6 Bxc6 31. Rxf7 Be8 32. Qc7 Qb2 33.
Rxg7+ Qxg7 34. Qxd8 Qf8 35. Rb1 1-0

[Event "XXXI Memorial Edoardo Crespi B"]
[Site "Milano ITA"]
[Date "2010.12.07"]
[Round "5"]
[White "Piazza, Angelo"]
[Black "Petrone, Gianmario"]
[Result "1-0"]
[WhiteElo "1959"]
[BlackElo "1778"]
[PlyCount "68"]
[EventDate "2010.12.04"]

1. Nf3 d5 2. g3 Nf6 3. d4 Bf5 4. Bg2 e6 5. O-O c5 6. c4 Nc6 7. cxd5 Nxd5 8. Ne5
Bxb1 9. Nxc6 bxc6 10. Rxb1 Qb6 11. Bxd5 exd5 12. e4 Be7 13. exd5 O-O 14. dxc6
Qxc6 15. b4 Rab8 16. Qc2 Qb6 17. Bf4 Bd6 18. Bxd6 Qxd6 19. Qxc5 Qa6 20. Qa5
Qxa5 21. bxa5 g6 22. a6 Rbc8 23. Rb7 Rc2 24. Rxa7 Rxa2 25. Rb1 Ra5 26. Kg2 Re8
27. Rbb7 Rf5 28. Re7 Rxe7 29. Rxe7 Ra5 30. a7 Kg7 31. Kf3 Kf6 32. Rb7 h5 33. h4
Ke6 34. Ke3 f6 1-0

[Event "XXXI Memorial Edoardo Crespi B"]
[Site "Milano ITA"]
[Date "2010.12.07"]
[Round "5"]
[White "Ranfagni, Stefano"]
[Black "Motola, Jacopo"]
[Result "1-0"]
[WhiteElo "2003"]
[BlackElo "1837"]
[PlyCount "63"]
[EventDate "2010.12.04"]

1. e4 d5 2. exd5 Qxd5 3. Nc3 Qd8 4. d4 Nf6 5. Nf3 Bf5 6. Bd3 e6 7. Bxf5 exf5 8.
O-O Be7 9. Qd3 Qc8 10. Re1 Nc6 11. d5 Nb4 12. Qb5+ Kf8 13. Rxe7 Nxc2 14. Qe2
Qd8 15. Rxf7+ Kxf7 16. Ng5+ Kg6 17. Qxc2 Nxd5 18. Ne6 Re8 19. Nxd5 Qxd5 20.
Nf4+ Kf7 21. Qxc7+ Kg8 22. Be3 Qe4 23. Qc3 Rac8 24. Qb3+ Kh8 25. h3 a6 26. Rd1
Rcd8 27. Rxd8 Rxd8 28. Ne6 Re8 29. Ng5 Qe7 30. Nf7+ Kg8 31. Nd6+ Qe6 32. Nxe8
1-0

[Event "XXXI Memorial Edoardo Crespi B"]
[Site "Milano ITA"]
[Date "2010.12.07"]
[Round "5"]
[White "Reale, Simone"]
[Black "Marino, Marco"]
[Result "1-0"]
[WhiteElo "1907"]
[BlackElo "1775"]
[PlyCount "145"]
[EventDate "2010.12.04"]

1. d4 Nf6 2. c4 e6 3. Nf3 Bb4+ 4. Bd2 Qe7 5. Bxb4 Qxb4+ 6. Qd2 Qxd2+ 7. Nbxd2
d5 8. e3 O-O 9. Rc1 Nc6 10. Bd3 Bd7 11. O-O Rac8 12. a3 Ne7 13. b4 dxc4 14.
Nxc4 Bc6 15. Nce5 Bxf3 16. Nxf3 Rfd8 17. Rc2 Ng6 18. Rfc1 Rd7 19. Kf1 Ne8 20.
b5 Ne7 21. Ne5 Rdd8 22. a4 Nd5 23. Be4 Rb8 24. Ke2 Ndf6 25. Bf3 Nd5 26. h4 Rd6
27. g4 Ndf6 28. g5 Nd5 29. Be4 Ne7 30. Bf3 Rdd8 31. Be4 Rd6 32. Kf3 Ng6 33. Nc4
Rdd8 34. h5 Ne7 35. Ne5 Rd6 36. Nc4 Rdd8 37. Kf4 Nd5+ 38. Kf3 Nb4 39. Rb2 Nd5
40. Na5 Rd6 41. Rbc2 Rdd8 42. Kg3 Rd7 43. Bf3 Rdd8 44. Kh4 Rd7 45. Bg4 Nd6 46.
Bf3 Ne8 47. Rg1 Nd6 48. Rgc1 Ne8 49. Nc4 Ne7 50. Ne5 Rdd8 51. Rg1 Nf5+ 52. Kg4
Ne7 53. Be4 Rd6 54. Kh4 Rdd8 55. g6 hxg6 56. hxg6 fxg6 57. Bxg6 Nxg6+ 58. Rxg6
Rbc8 59. Rxe6 Nd6 60. Kg5 Rf8 61. Kg6 Nf7 62. Nd7 Nh8+ 63. Kg5 Rf3 64. Kg4 Rf7
65. Ne5 Rff8 66. Re7 Nf7 67. Ng6 Nh6+ 68. Kg5 Rf5+ 69. Kh4 Rf7 70. e4 Kh7 71.
Kh5 Rxe7 72. Nxe7 Nf7 73. Nxc8 1-0

[Event "XXXI Memorial Edoardo Crespi B"]
[Site "Milano ITA"]
[Date "2010.12.07"]
[Round "5"]
[White "Regorda, Vittorio"]
[Black "Papa, Angelo"]
[Result "0-1"]
[WhiteElo "1881"]
[BlackElo "1823"]
[PlyCount "82"]
[EventDate "2010.12.04"]

1. d4 g6 2. c4 Bg7 3. Nc3 d6 4. e4 Nf6 5. f3 O-O 6. Be3 Nc6 7. Bd3 a6 8. Nge2
Rb8 9. Qd2 Bd7 10. a3 Re8 11. Kf2 e5 12. d5 Nd4 13. Rag1 c5 14. h4 h5 15. Kf1
Nb3 16. Qe1 b5 17. cxb5 axb5 18. Bc2 Nd4 19. Bd1 b4 20. axb4 Rxb4 21. Bc1 Qc8
22. Kf2 Qa6 23. Qd2 Kh7 24. Nxd4 exd4 25. Ne2 Rxe4 26. Bc2 Re5 27. Nf4 Bh6 28.
g3 Nxd5 29. Bd3 c4 30. Be4 d3 31. Bxd5 Re2+ 32. Qxe2 dxe2 33. Bxf7 Bf5 34. g4
Qa7+ 35. Be3 Qxf7 36. gxh5 Bxf4 37. Bxf4 c3 38. Bxd6 Rxb2 39. hxg6+ Bxg6 40.
Re1 Bh5 41. Rh3 Qe6 0-1

[Event "XXXI Memorial Edoardo Crespi B"]
[Site "Milano ITA"]
[Date "2010.12.07"]
[Round "5"]
[White "Reina, Giuseppe"]
[Black "Scarpellini, Felice"]
[Result "1/2-1/2"]
[WhiteElo "1841"]
[BlackElo "1809"]
[PlyCount "119"]
[EventDate "2010.12.04"]

1. Nf3 Nf6 2. d4 e6 3. c4 d5 4. Nc3 b6 5. Bg5 Be7 6. e3 Bb7 7. Rc1 Nbd7 8. cxd5
exd5 9. Bd3 O-O 10. O-O h6 11. Bf4 c5 12. h3 Ne4 13. Ne2 f5 14. a4 Rc8 15. a5
c4 16. Bxe4 fxe4 17. Nd2 b5 18. f3 exf3 19. gxf3 Bh4 20. Qc2 Qf6 21. Kh2 g5 22.
Bg3 Bxg3+ 23. Nxg3 Qd6 24. Kg2 Rf7 25. Nh5 Nf8 26. f4 Qg6 27. Qxg6+ Nxg6 28.
fxg5 hxg5 29. Kg3 Rcf8 30. Rxf7 Rxf7 31. Rf1 Rxf1 32. Nxf1 Kf7 33. Kg4 Bc8+ 34.
Kxg5 Bxh3 35. Nd2 b4 36. Nf6 Ne7 37. e4 c3 38. bxc3 bxc3 39. Nb3 dxe4 40. Nxe4
Nd5 41. Nf2 Bf1 42. Kf5 Ke7 43. Ke4 Nb4 44. d5 Bc4 45. Nc1 Bxd5+ 46. Kd4 c2 47.
Kc3 Nc6 48. Kxc2 Nxa5 49. Kc3 Nc6 50. Nb3 Kd6 51. Nd3 Kc7 52. Nb4 Bg8 53. Nxc6
Kxc6 54. Nd4+ Kc5 55. Nc2 a5 56. Kb2 Kb5 57. Ka3 a4 58. Nd4+ Kc5 59. Ne2 Bb3
60. Nc3 1/2-1/2

[Event "XXXI Memorial Edoardo Crespi B"]
[Site "Milano ITA"]
[Date "2010.12.07"]
[Round "5"]
[White "Revinelli, Sergio"]
[Black "Velluti, Alberto"]
[Result "1/2-1/2"]
[WhiteElo "1842"]
[BlackElo "1947"]
[PlyCount "30"]
[EventDate "2010.12.04"]

1. e4 e5 2. Nf3 Nc6 3. Bc4 Nf6 4. Ng5 d5 5. exd5 Na5 6. Bb5+ Bd7 7. Qe2 Bd6 8.
Bxd7+ Qxd7 9. Nc3 O-O 10. O-O Rfe8 11. d3 h6 12. Nge4 Nh7 13. Nxd6 Qxd6 14. Qg4
Nf6 15. Qg3 a6 1/2-1/2

[Event "XXXI Memorial Edoardo Crespi B"]
[Site "Milano ITA"]
[Date "2010.12.07"]
[Round "5"]
[White "Trent, Alan M."]
[Black "Bisignano, Giuseppe"]
[Result "0-1"]
[WhiteElo "1816"]
[BlackElo "1898"]
[PlyCount "38"]
[EventDate "2010.12.04"]

1. e4 d6 2. d4 Nf6 3. Nc3 g6 4. f3 c6 5. Bc4 Bg7 6. Be3 Nbd7 7. Qd2 O-O 8. Bh6
e5 9. Bxg7 Kxg7 10. Nge2 Re8 11. O-O-O b5 12. Bb3 a5 13. dxe5 dxe5 14. Qd6 Qb6
15. a4 b4 16. Nb1 Nc5 17. Nd2 Ba6 18. Bd5 Nxd5 19. exd5 Bxe2 0-1

[Event "XXXI Memorial Edoardo Crespi B"]
[Site "Milano ITA"]
[Date "2010.12.07"]
[Round "5"]
[White "Viale, Fabio"]
[Black "Rossi, Giampiero"]
[Result "0-1"]
[WhiteElo "1822"]
[BlackElo "1906"]
[PlyCount "56"]
[EventDate "2010.12.04"]

1. d4 d5 2. c4 e6 3. Nc3 c6 4. e4 dxe4 5. Nxe4 Bb4+ 6. Bd2 Qxd4 7. Bxb4 Qxe4+
8. Be2 c5 9. Bc3 Ne7 10. Nf3 Nd7 11. O-O O-O 12. Re1 Ng6 13. Bd3 Qg4 14. h3 Qh5
15. Qc1 b6 16. Be4 Rb8 17. Qe3 Bb7 18. Ng5 h6 19. g4 Qxg5 20. f4 Qxf4 21. Qd3
Bxe4 22. Rxe4 Qc7 23. g5 hxg5 24. Qe3 Nf6 25. Bxf6 gxf6 26. Qf3 f5 27. Re2 Qf4
28. Qh5 Qg3+ 0-1

[Event "XXXI Memorial Edoardo Crespi B"]
[Site "Milano ITA"]
[Date "2010.12.07"]
[Round "5"]
[White "Villalba, Fernando"]
[Black "Pierandrei, Cristiano"]
[Result "0-1"]
[WhiteElo "1889"]
[BlackElo "1941"]
[PlyCount "76"]
[EventDate "2010.12.04"]

1. d4 d5 2. Nf3 Nf6 3. Bf4 c5 4. e3 Nc6 5. c3 Qb6 6. Qb3 c4 7. Qc2 Bf5 8. Qc1
Nh5 9. Bg3 Nxg3 10. hxg3 g6 11. Be2 Bg7 12. Nbd2 O-O 13. Ng5 h6 14. Nh3 e5 15.
g4 Bd3 16. Bxd3 cxd3 17. O-O Rac8 18. Qb1 e4 19. Nb3 Rfd8 20. Nf4 Qc7 21. Qd1
Qe7 22. g3 b6 23. Kg2 Rd6 24. Rh1 Nd8 25. Nd2 Ne6 26. Rc1 b5 27. Nb3 Rdd8 28.
Nxe6 fxe6 29. Rh3 Rf8 30. Nd2 e5 31. Qb3 Qf7 32. Rf1 exd4 33. cxd4 Rc2 34. Qb4
a5 35. Qxa5 Rxb2 36. Kg1 b4 37. Rh2 Rxd2 38. Qxb4 Rxa2 0-1

[Event "XXXI Memorial Edoardo Crespi B"]
[Site "Milano ITA"]
[Date "2010.12.08"]
[Round "6"]
[White "Attuati, Stefano"]
[Black "Nepi, Ezio"]
[Result "1/2-1/2"]
[WhiteElo "1987"]
[BlackElo "1904"]
[PlyCount "75"]
[EventDate "2010.12.04"]

1. e4 c5 2. Nf3 d6 3. d4 cxd4 4. Nxd4 Nf6 5. Nc3 Nc6 6. Bc4 e5 7. Nf5 Be6 8.
Bb3 g6 9. Ne3 Bg7 10. Qd3 a6 11. Ned5 h6 12. Be3 Nd7 13. Rd1 Nd4 14. O-O O-O
15. Qd2 Kh7 16. Bxd4 exd4 17. Ne2 Nc5 18. f3 d3 19. Nef4 Bxb2 20. c3 Ba3 21.
Nxd3 Nxb3 22. axb3 Bxd5 23. exd5 Qb6+ 24. Kh1 Bc5 25. Nxc5 Qxc5 26. Rfe1 Rfe8
27. Qf4 Kg7 28. c4 a5 29. Re4 Rxe4 30. fxe4 Re8 31. Rf1 Qc7 32. Qf6+ Kg8 33.
Qh4 Kg7 34. Rf3 Re5 35. Qf6+ Kg8 36. Rf4 Qe7 37. Qxe7 Rxe7 38. Kg1 1/2-1/2

[Event "XXXI Memorial Edoardo Crespi B"]
[Site "Milano ITA"]
[Date "2010.12.08"]
[Round "6"]
[White "Bernago, Federico"]
[Black "Villa, Giorgio"]
[Result "1/2-1/2"]
[WhiteElo "1955"]
[BlackElo "1732"]
[PlyCount "116"]
[EventDate "2010.12.04"]

1. e4 c5 2. Nf3 e6 3. d3 d6 4. g3 Nc6 5. Bg2 g6 6. O-O Bg7 7. c3 Qb6 8. Nbd2
Nge7 9. Nh4 O-O 10. Nc4 Qd8 11. a4 d5 12. Nd2 b6 13. Re1 Ba6 14. Bf1 dxe4 15.
dxe4 Bxf1 16. Nxf1 Qxd1 17. Rxd1 Rad8 18. Be3 Na5 19. Nd2 Rd7 20. Kf1 Rfd8 21.
Ke2 Kf8 22. f4 Bf6 23. Ng2 e5 24. Ne1 Nc8 25. Nef3 exf4 26. gxf4 Bg7 27. e5 Ne7
28. b4 cxb4 29. cxb4 Nac6 30. b5 Nb4 31. Nc4 Nf5 32. Rxd7 Rxd7 33. Rd1 Rxd1 34.
Kxd1 Nxe3+ 35. Nxe3 Bh6 36. Ng5 Bxg5 37. fxg5 Nd3 38. Nc4 Ke7 39. Kd2 Nc5 40.
a5 bxa5 41. Nxa5 Ne4+ 42. Ke3 Nxg5 43. Nc6+ Kd7 44. Nxa7 Kc7 45. Nc6 Ne6 46.
Nd4 Kb6 47. Ke4 Nxd4 48. Kxd4 Kxb5 49. Kd5 g5 50. e6 fxe6+ 51. Kxe6 h5 52. Kf5
g4 53. Kg5 Kc6 54. Kxh5 Kd7 55. Kxg4 Ke7 56. Kg5 Kf7 57. Kh6 Kg8 58. h3 Kh8
1/2-1/2

[Event "XXXI Memorial Edoardo Crespi B"]
[Site "Milano ITA"]
[Date "2010.12.08"]
[Round "6"]
[White "Biava, Pierluigi"]
[Black "Palmieri, Giovanni"]
[Result "0-1"]
[WhiteElo "1743"]
[BlackElo "1806"]
[PlyCount "48"]
[EventDate "2010.12.04"]

1. d4 Nf6 2. Nf3 e6 3. c4 c5 4. Nc3 cxd4 5. Nxd4 Nc6 6. e3 Be7 7. Be2 O-O 8.
O-O a6 9. a3 b6 10. Bf3 Bb7 11. b4 Qc7 12. Bb2 Ne5 13. Bxb7 Qxb7 14. Qb3 Rac8
15. c5 bxc5 16. bxc5 Qxb3 17. Nxb3 Rb8 18. Na4 Nc4 19. Bxf6 Bxf6 20. Rab1 Nxa3
21. Nb6 Nxb1 22. Rxb1 Rfd8 23. Rd1 d6 24. Na5 dxc5 0-1

[Event "XXXI Memorial Edoardo Crespi B"]
[Site "Milano ITA"]
[Date "2010.12.08"]
[Round "6"]
[White "Bonassi, Tommaso"]
[Black "Cimo', Alessandro"]
[Result "1-0"]
[WhiteElo "1819"]
[BlackElo "1792"]
[PlyCount "108"]
[EventDate "2010.12.04"]

1. e4 e5 2. Bc4 Nc6 3. Nf3 Nf6 4. d3 Bc5 5. c3 O-O 6. b4 Bb6 7. a4 a6 8. Bg5 d6
9. Nbd2 h6 10. Be3 Bxe3 11. fxe3 Bg4 12. O-O Qd7 13. Qe1 Ne7 14. Nh4 Be6 15.
Qg3 Nh5 16. Qf3 Bxc4 17. Nxc4 Nf6 18. h3 b5 19. Nb2 c5 20. d4 c4 21. Rad1 Qb7
22. d5 Qd7 23. a5 Nh7 24. g4 Ng5 25. Qg2 Qa7 26. Rde1 Qd7 27. Nd1 Rad8 28. Nf2
Qa7 29. Nh1 Ng6 30. Nf5 Nf4 31. Rxf4 exf4 32. h4 f3 33. Qg3 Nxe4 34. Qxf3 Rfe8
35. Qf4 Re5 36. Nxd6 Qe7 37. Nf5 Rxf5 38. Qxf5 Nxc3 39. e4 Nxd5 40. Ng3 Qa7+
41. Kh1 Ne7 42. Qf3 Rd3 43. Qg2 Qc7 44. e5 Qc6 45. Ne4 Qd5 46. g5 hxg5 47. Qxg5
Kf8 48. Qh5 Ng6 49. Kg1 Qxe5 50. Qg4 Qd4+ 51. Kf1 Re3 52. Qc8+ Ke7 53. Qc7+ Ke6
54. Ng5+ Kf5 1-0

[Event "XXXI Memorial Edoardo Crespi B"]
[Site "Milano ITA"]
[Date "2010.12.08"]
[Round "6"]
[White "Ciciotti, Augusto"]
[Black "Orsi, Matteo"]
[Result "1/2-1/2"]
[WhiteElo "1909"]
[BlackElo "1954"]
[PlyCount "25"]
[EventDate "2010.12.04"]

1. d4 d5 2. c4 c6 3. Nf3 Nf6 4. Qc2 g6 5. Bf4 Bg7 6. e3 Bf5 7. Qb3 Qb6 8. Nc3
O-O 9. h3 Qxb3 10. axb3 Na6 11. Be2 Nb4 12. O-O Bd3 13. Ne5 1/2-1/2

[Event "XXXI Memorial Edoardo Crespi B"]
[Site "Milano ITA"]
[Date "2010.12.08"]
[Round "6"]
[White "D'Avino, Luca"]
[Black "Viale, Fabio"]
[Result "1-0"]
[WhiteElo "1915"]
[BlackElo "1822"]
[PlyCount "57"]
[EventDate "2010.12.04"]

1. e4 c5 2. Nf3 Nc6 3. d4 cxd4 4. Nxd4 g6 5. c4 Bg7 6. Be3 Nf6 7. Nc3 O-O 8.
Be2 d6 9. O-O Qa5 10. Nb3 Qc7 11. Rc1 Na5 12. Nd5 Nxd5 13. cxd5 Qd8 14. Nd4
Bxd4 15. Bxd4 b6 16. Qd2 f6 17. Rc3 Bd7 18. Ba6 Bc8 19. Qd3 Bxa6 20. Qxa6 Qd7
21. Rfc1 Qa4 22. Rc4 Qd7 23. Rc7 Qa4 24. Bc3 Qxe4 25. Re1 Qxd5 26. Rexe7 Rf7
27. Rxf7 Qxf7 28. Rxf7 Kxf7 29. Bxa5 1-0

[Event "XXXI Memorial Edoardo Crespi B"]
[Site "Milano ITA"]
[Date "2010.12.08"]
[Round "6"]
[White "Gongalov, Bojan"]
[Black "Cattaneo, Marco"]
[Result "1/2-1/2"]
[WhiteElo "2026"]
[BlackElo "1852"]
[PlyCount "98"]
[EventDate "2010.12.04"]

1. d4 d5 2. c4 e6 3. g3 c6 4. Nf3 dxc4 5. Bg2 b5 6. O-O Nf6 7. a4 Bb7 8. b3
cxb3 9. Qxb3 a6 10. Rd1 Be7 11. Ne5 Qb6 12. Ba3 Bxa3 13. Qxa3 Nbd7 14. Qd6 Nxe5
15. dxe5 Nd5 16. a5 Qa7 17. e4 Rd8 18. Qa3 Ne7 19. Rxd8+ Kxd8 20. Qd6+ Ke8 21.
Nc3 Bc8 22. Rd1 Qd7 23. Qc5 Qc7 24. f4 Bd7 25. f5 Nc8 26. fxe6 fxe6 27. Kh1
Qxa5 28. Ne2 Qb6 29. Qc1 Rf8 30. Qd2 Rf7 31. Nf4 c5 32. Nh5 c4 33. Qg5 c3 34.
Nxg7+ Kf8 35. Qh6 Rxg7 36. Rxd7 Ne7 37. Rxe7 Kxe7 38. Qxg7+ Kd8 39. Qg8+ Ke7
40. Qxh7+ Kd8 41. Qg8+ Ke7 42. Qg7+ Kd8 43. Qf8+ Kd7 44. Qf7+ Kd8 45. Qg8+ Ke7
46. Qg5+ Kd7 47. Bh3 Qf2 48. Bxe6+ Kxe6 49. Qg8+ Ke7 1/2-1/2

[Event "XXXI Memorial Edoardo Crespi B"]
[Site "Milano ITA"]
[Date "2010.12.08"]
[Round "6"]
[White "Guidi, Giacomo G."]
[Black "Revinelli, Sergio"]
[Result "1/2-1/2"]
[WhiteElo "1996"]
[BlackElo "1842"]
[PlyCount "40"]
[EventDate "2010.12.04"]

1. Nf3 d5 2. g3 Nf6 3. Bg2 g6 4. O-O Bg7 5. d3 O-O 6. Nbd2 Re8 7. e4 dxe4 8.
dxe4 e5 9. h3 b6 10. Re1 Bb7 11. Qe2 Nbd7 12. Nh2 Rb8 13. Nhf1 Nc5 14. b4 Na4
15. c4 a6 16. Qd1 b5 17. Qc2 Qd4 18. Ba3 Rbd8 19. Rad1 Qd3 20. Qxd3 Rxd3
1/2-1/2

[Event "XXXI Memorial Edoardo Crespi B"]
[Site "Milano ITA"]
[Date "2010.12.08"]
[Round "6"]
[White "Guidi, Paolo"]
[Black "De Santis, Massimo"]
[Result "0-1"]
[WhiteElo "1874"]
[BlackElo "1914"]
[PlyCount "45"]
[EventDate "2010.12.04"]

1. Nf3 Nf6 2. d4 d5 3. e3 Nbd7 4. Bd3 c5 5. b3 Qc7 6. c4 e5 7. dxe5 Nxe5 8. Bb2
Nxd3+ 9. Qxd3 dxc4 10. Qxc4 Be7 11. e4 Be6 12. Qb5+ Bd7 13. Qe2 O-O 14. O-O a6
15. Re1 Bb5 16. Qc2 Rfd8 17. Nd4 Ng4 18. Nf3 Bd3 19. Qc1 c4 20. Qc3 f6 21. Ba3
Bxa3 22. Nxa3 Qc5 23. Nc2 0-1

[Event "XXXI Memorial Edoardo Crespi B"]
[Site "Milano ITA"]
[Date "2010.12.08"]
[Round "6"]
[White "Hatipoglu, Metin"]
[Black "Riccio, Luigi"]
[Result "1-0"]
[WhiteElo "1832"]
[BlackElo "1929"]
[PlyCount "127"]
[EventDate "2010.12.04"]

1. e4 c5 2. Nf3 e6 3. d4 cxd4 4. Nxd4 a6 5. Be2 Nf6 6. Nd2 Qc7 7. O-O Nc6 8. c3
Bd6 9. g3 Bc5 10. Nxc6 bxc6 11. Bf3 h5 12. Nb3 Bd6 13. Bg5 h4 14. Bxh4 Rxh4 15.
gxh4 Bxh2+ 16. Kg2 Rb8 17. Rh1 Bf4 18. Qc2 c5 19. Nc1 Bb7 20. Ne2 Bh6 21. Rae1
Bc6 22. b3 Ke7 23. Rh3 Qe5 24. Ng3 Rg8 25. Re2 Kf8 26. a4 Bf4 27. Qd3 Bb7 28.
b4 g5 29. hxg5 Rxg5 30. bxc5 Qc7 31. Qd4 Be5 32. Qb4 Bxg3 33. Rxg3 Rxc5 34. e5
Bxf3+ 35. Rxf3 Nd5 36. Qh4 Rxc3 37. Qh6+ Ke8 38. Re4 Rxf3 39. Kxf3 Qc3+ 40. Kg2
Kd8 41. Qh4+ f6 42. exf6 Qxf6 43. Qg3 Qf7 44. Rc4 Ke7 45. Qa3+ Kf6 46. Rg4 Qh5
47. Qf8+ Qf7 48. Qh6+ Ke5 49. Qh8+ Kd6 50. Qb8+ Ke7 51. Qc8 Nf4+ 52. Kf1 Qf5
53. Rg7+ Kf6 54. Qf8+ Ke5 55. Qxf5+ exf5 56. Rxd7 Nd5 57. Rb7 Kd4 58. Kg2 Kc5
59. Kf3 Nc3 60. a5 Nd5 61. Rf7 f4 62. Rf5 Kd4 63. Rxd5+ Kxd5 64. Kxf4 1-0

[Event "XXXI Memorial Edoardo Crespi B"]
[Site "Milano ITA"]
[Date "2010.12.08"]
[Round "6"]
[White "Juciute, Einora"]
[Black "Forno, Roberto"]
[Result "0-1"]
[WhiteElo "1843"]
[BlackElo "1940"]
[PlyCount "64"]
[EventDate "2010.12.04"]

1. e4 c5 2. Nf3 a6 3. a4 Nc6 4. d4 cxd4 5. Nxd4 Qc7 6. Nc3 e6 7. Be2 Nf6 8. O-O
Bb4 9. Qd3 O-O 10. Nxc6 bxc6 11. f4 d5 12. e5 Bxc3 13. bxc3 Ne4 14. Rf3 Bd7 15.
Rh3 f6 16. Bf3 f5 17. g4 fxg4 18. Bxg4 Qb6+ 19. Be3 Qb2 20. Rf1 g6 21. Bf3 c5
22. Bxe4 c4 23. Qd2 Rf7 24. Bxd5 exd5 25. Qxd5 Re8 26. Qxc4 Bxh3 27. Re1 Qxc2
28. Re2 Qd1+ 29. Kf2 Rxe5 30. Qxa6 Qf1+ 31. Kg3 Rxe3+ 32. Kh4 Qxf4# 0-1

[Event "XXXI Memorial Edoardo Crespi B"]
[Site "Milano ITA"]
[Date "2010.12.08"]
[Round "6"]
[White "Kimbin, Richard Conrod"]
[Black "Aliberti, Emilio"]
[Result "1-0"]
[WhiteElo "1928"]
[BlackElo "1900"]
[PlyCount "86"]
[EventDate "2010.12.04"]

1. Nf3 d5 2. g3 Nf6 3. Bg2 c6 4. d3 Bf5 5. Nbd2 e6 6. O-O h6 7. Re1 Be7 8. c3
O-O 9. Qb3 Qc7 10. e4 Bh7 11. e5 Nfd7 12. d4 c5 13. c4 dxc4 14. Qxc4 Nb6 15.
Qe2 c4 16. Ne4 Nc6 17. Bd2 Rfd8 18. Bc3 Rac8 19. Rac1 Nb4 20. Bxb4 Bxb4 21.
Red1 Bxe4 22. Qxe4 Nd5 23. a3 Be7 24. h4 b5 25. Bf1 Qb6 26. g4 g6 27. h5 g5 28.
Ne1 Rc7 29. Rd2 Rcd7 30. Rcd1 a6 31. Ng2 c3 32. Bd3 f5 33. gxf5 exf5 34. Qxf5
Bf8 35. Re2 Rf7 36. Qe4 Qe6 37. b4 Nf4 38. Nxf4 gxf4 39. f3 Rg7+ 40. Rg2 Rdd7
41. Qh7+ Kf7 42. Rxg7+ Bxg7 43. Bf5 Qe7 1-0